Operná trilógia 20. storočia?

Bibliographic Details
Main Author: Hašková, Katarína, 1981- (Author)
Format: Article
Language:Slovak
ISSN:1336-5983
Subjects:

MARC

LEADER 00000nab a2200000 ar4500
001 vtls008998341
003 SK-MaSNL
005 20260303065839.0
008 070613c2007 xo ur|p|||||||000 b|slo
015 |a SNBRB2007/06  |2 snkbucl 
038 |a SNKBUCL 
040 |a SNKBUCL  |b slo  |c SNKBUCL  |e AACR2 
041 0 |a slo 
044 |a xo  |c SK 
080 |a 78.071.1:792.5:782  |2 2001 
080 |a 792.5  |2 2001 
080 |a 782  |2 2001 
100 1 |a Hašková, Katarína,  |d 1981-   |4 aut  |9 770195 
245 1 0 |a Operná trilógia 20. storočia?  |c Katarína Hašková 
600 1 7 |a Glass, Philip  |d 1937-  |t Einstein on the Beach  |2 snkbucl  |9 1063533 
600 1 7 |a Glass, Philip  |d 1937-  |t Satyagraha  |2 snkbucl  |9 1066464 
600 1 7 |a Glass, Philip  |d 1937-  |t Akhnaten  |2 snkbucl  |9 1066465 
773 0 |t Tempo  |g Roč. 4, č. 1 (2007), s. 19-20  |x 1336-5983 
852 |a SNK  |b KIS3GCP 
999 |c 1752980  |d 1754910